[Event "2024 British Rapidplay Championship"]
[Site "Holiday Inn Peterborough - West"]
[Date "2024.03.03"]
[Round "8.32"]
[White "Tart, Peter K"]
[Black "Buckley, Graeme N"]
[Result "0-1"]
[WhiteFideId "471070"]
[BlackFideId "402265"]
[WhiteElo "1987"]
[BlackElo "2267"]
[EventDate "2024.03.02"]

1. e4 c5 2. Nc3 Nc6 3. Bb5 Nd4 4. Bc4 e6 5. Nge2 a6 6. a4 Ne7 7. Nxd4 cxd4 8. Ne2
Nc6 9. d3 Be7 10. O-O O-O 11. f4 d5 12. Ba2 dxe4 13. dxe4 b6 14. Kh1 Bb7 15. Ng3
Rc8 16. Qg4 Kh8 17. Bd2 Qd7 18. c3 f5 19. exf5 exf5 20. Qe2 Rf6 21. Nh5 Rg6 22. Bf7
d3 23. Qe1 Rxg2 24. Be6 Nd4 25. cxd4 Rg4+ 26. d5 Bxd5+ 27. Bxd5 Qxd5+ 0-1

[Event "2024 British Rapidplay Championship"]
[Site "Holiday Inn Peterborough - West"]
[Date "2024.03.03"]
[Round "8.33"]
[White "Williams, Ana"]
[Black "Jackson, Sheila"]
[Result "1-0"]
[WhiteFideId "343419771"]
[BlackFideId "402508"]
[WhiteElo "1804"]
[BlackElo "1986"]
[EventDate "2024.03.02"]

1. e4 c5 2. Nf3 Nc6 3. Bb5 d6 4. O-O Bd7 5. Re1 e5 6. Bxc6 Bxc6 7. c4 Nf6 8. d3 Be7
9. Nc3 O-O 10. Bg5 h6 11. Bxf6 Bxf6 12. Nd5 g6 13. Qd2 Bg7 14. b4 b6 15. b5 Bxd5
16. cxd5 Qd7 17. a4 f5 18. Reb1 fxe4 19. dxe4 Qg4 20. Qe3 Rf4 21. Nd2 Raf8 22. f3
Qh5 23. a5 Bf6 24. g3 Bg5 25. gxf4 Bxf4 26. Qe2 Qg5+ 27. Kh1 Bxd2 28. Rg1 Qf4 29.
Rxg6+ Kh7 30. Rag1 Bxa5 31. Qg2 Qxf3 32. Qxf3 Rxf3 33. Rg7+ Kh8 34. Rg8+ Kh7 35.
R1g7# 1-0

[Event "2024 British Rapidplay Championship"]
[Site "Holiday Inn Peterborough - West"]
[Date "2024.03.03"]
[Round "8.34"]
[White "Mirzoeva, Elmira"]
[Black "McCarthy, Kevin C"]
[Result "1-0"]
[WhiteFideId "4127951"]
[BlackFideId "470775"]
[WhiteElo "2206"]
[BlackElo "1974"]
[EventDate "2024.03.02"]

1. d4 Nf6 2. c4 e5 3. dxe5 Ng4 4. Nf3 Nc6 5. Nc3 Ngxe5 6. Nxe5 Nxe5 7. e3 Be7 8.
Be2 O-O 9. O-O d6 10. Nd5 Be6 11. b3 c6 12. Nxe7+ Qxe7 13. Bb2 Bd7 14. Qd2 Rad8 15.
Rad1 Bc8 16. Qc3 f6 17. h3 Ng6 18. Rfe1 Rfe8 19. Rd2 Nh4 20. Bh5 Rf8 21. e4 Ng6 22.
Qg3 Ne5 23. Red1 g6 24. f4 Kh8 25. fxe5 gxh5 26. exf6 Qf7 27. Qg7+ 1-0

[Event "2024 British Rapidplay Championship"]
[Site "Holiday Inn Peterborough - West"]
[Date "2024.03.03"]
[Round "8.35"]
[White "Leung, Hao Ran"]
[Black "Shearsby, Jude"]
[Result "1/2-1/2"]
[WhiteFideId "6012620"]
[BlackFideId "462527"]
[WhiteElo "1865"]
[BlackElo "2028"]
[EventDate "2024.03.02"]

1. c4 Nc6 2. g3 d5 3. cxd5 Qxd5 4. Nf3 Nf6 5. Nc3 Qa5 6. Bg2 e5 7. O-O Bd6 8. d3
O-O 9. Bd2 Qb6 10. Na4 Qa6 11. Rc1 Be6 12. a3 Qb5 13. b4 e4 14. Nc3 Qh5 15. Nxe4
Nxe4 16. dxe4 a5 17. e5 Nxe5 18. Nxe5 Qxe5 19. Bf4 Qb2 20. Bxd6 cxd6 21. Rb1 Qxa3
22. bxa5 Rxa5 23. Rxb7 d5 24. Rb3 Qa2 25. Rd3 Rc5 26. Rd2 Qc4 27. Rd4 Qb5 28. Qd3
Qc6 29. Rd1 Rc3 30. Qd2 Rc2 31. Qd3 Rc3 32. Qd2 Rc2 1/2-1/2

[Event "2024 British Rapidplay Championship"]
[Site "Holiday Inn Peterborough - West"]
[Date "2024.03.03"]
[Round "8.36"]
[White "Vashisht-Pigem, Raman"]
[Black "Khoury, Theo"]
[Result "1-0"]
[WhiteFideId "469734"]
[BlackFideId "480703"]
[WhiteElo "1990"]
[BlackElo "1968"]
[EventDate "2024.03.02"]

1. e4 c5 2. Nf3 d6 3. Bb5+ Nd7 4. Ba4 Ngf6 5. O-O g6 6. Re1 Bg7 7. c3 a6 8. d4 b5
9. Bc2 Bb7 10. e5 dxe5 11. dxe5 Nd5 12. e6 fxe6 13. Ng5 Nc7 14. Nxh7 Ne5 15. Ng5
Qd5 16. Qxd5 Bxd5 17. f4 Ng4 18. Bxg6+ Kd7 19. h3 Nf6 20. Be3 Bh6 21. Nf7 Rhg8 22.
Ne5+ Kd6 23. g4 Nd7 24. Bc2 Bg7 25. Nxd7 Kxd7 26. Nd2 Raf8 27. Ne4 c4 28. Rad1 Kc6
29. Ng3 Bh6 30. f5 Bg7 31. Bf4 Ne8 32. Bg5 Bxc3 33. bxc3 Rxg5 34. Be4 Nc7 35. Bxd5+
exd5 36. Rxe7 b4 37. cxb4 c3 38. Ne2 Nb5 39. a4 Nd6 40. Nxc3 Rfxf5 41. Re6 Rf3 42.
Rxd6+ 1-0

[Event "2024 British Rapidplay Championship"]
[Site "Holiday Inn Peterborough - West"]
[Date "2024.03.03"]
[Round "8.37"]
[White "Vaidyanathan, Adithya"]
[Black "White, Stuart A"]
[Result "1-0"]
[WhiteFideId "495450"]
[BlackFideId "407747"]
[WhiteElo "1805"]
[BlackElo "2147"]
[EventDate "2024.03.02"]

1. Nf3 d5 2. d4 Nf6 3. c4 c6 4. cxd5 cxd5 5. Nc3 Nc6 6. Bf4 a6 7. e3 Bg4 8. Be2 e6
9. O-O Bd6 10. Bxd6 Qxd6 11. Nd2 Bxe2 12. Qxe2 O-O 13. Nb3 Nd7 14. Rac1 Rfc8 15.
Rfd1 Qb4 16. Nc5 Nxc5 17. a3 Qc4 18. Qxc4 dxc4 19. dxc5 Ne5 20. Na4 Rd8 21. Rxd8+
Rxd8 22. h3 Rc8 23. f4 Nd3 24. Rxc4 b5 25. cxb6 1-0

[Event "2024 British Rapidplay Championship"]
[Site "Holiday Inn Peterborough - West"]
[Date "2024.03.03"]
[Round "8.38"]
[White "Surtees, Mike J"]
[Black "Botteley, Michael T"]
[Result "1-0"]
[WhiteFideId "412619"]
[BlackFideId "427411"]
[WhiteElo "2035"]
[BlackElo "1896"]
[EventDate "2024.03.02"]

1. e4 c6 2. Ne2 d5 3. e5 c5 4. b4 e6 5. a3 Nc6 6. d4 Nxd4 7. Nxd4 cxd4 8. Qxd4 Ne7
9. Bb2 Nc6 10. Qe3 Qc7 11. Bd3 Be7 12. Nd2 O-O 13. O-O b6 14. Nf3 Bb7 15. h4 Rfd8
16. h5 Rac8 17. Rfe1 Rd7 18. Rad1 Rcd8 19. Ng5 Bxg5 20. Qxg5 h6 21. Qg4 Ne7 22. Re3
d4 23. Ree1 Kh8 24. Re2 a5 25. b5 Qc5 26. Rde1 Ba8 27. Qf4 Kg8 28. Kh2 Bb7 29. Qg4
Kh8 30. Qf4 Kg8 31. Qg3 Kh8 32. Qf4 Kg8 33. Kg1 Ba8 34. Bc1 Nc8 35. Bd2 Kf8 36. Bc1
Kg8 37. Qg3 Kf8 38. Kh2 Ne7 39. Bh7 d3 40. Bxd3 Nd5 41. Re4 Ne7 1-0

[Event "2024 British Rapidplay Championship"]
[Site "Holiday Inn Peterborough - West"]
[Date "2024.03.03"]
[Round "8.39"]
[White "Keohane, Benedict A"]
[Black "Starley, Robert"]
[Result "0-1"]
[WhiteFideId "433950"]
[BlackFideId "421006"]
[WhiteElo "1855"]
[BlackElo "1944"]
[EventDate "2024.03.02"]

1. e4 e5 2. f4 d5 3. exd5 exf4 4. Nf3 Nf6 5. c4 c6 6. d4 cxd5 7. Nc3 Bb4 8. Be2 O-O
9. O-O Nc6 10. Bxf4 Bg4 11. Bg5 dxc4 12. a3 Be7 13. Be3 Nd5 14. Nxd5 Qxd5 15. Rc1
b5 16. Qe1 Bf6 17. Qf2 Rfe8 18. Rfd1 Qe4 19. Rc3 Rad8 20. h3 Bc8 21. Kf1 Bb7 22.
Ng5 Bxg5 23. Bxg5 f6 24. Bxf6 Rd7 25. Bf3 Qg6 26. Bh4 Rf8 27. Qe3 Re8 28. Qg5 Qxg5
29. Bxg5 h6 30. Bc1 Rf8 31. Be3 Ne5 32. dxe5 Rxd1+ 33. Ke2 Bxf3+ 34. gxf3 Rh1 35.
Bc5 Re8 36. f4 Rh2+ 37. Bf2 g5 38. Rg3 Kf7 39. Kf1 gxf4 40. Rf3 Rh1+ 41. Kg2 Rd1
42. Rxf4+ Ke6 43. Rf6+ Kxe5 44. Rxh6 Rg8+ 45. Bg3+ Ke4 46. Re6+ Kd3 47. h4 Kc2 48.
Re5 Rd3 49. Rg5 Rxg5 50. hxg5 Kxb2 51. g6 c3 52. Be5 Rd8 53. g7 Kb3 54. Kf2 c2 55.
Bf4 Rg8 56. Ke1 0-1

[Event "2024 British Rapidplay Championship"]
[Site "Holiday Inn Peterborough - West"]
[Date "2024.03.03"]
[Round "8.40"]
[White "Patel, Zain"]
[Black "Hutchinson, Paul A"]
[Result "1-0"]
[WhiteFideId "469246"]
[BlackFideId "411558"]
[WhiteElo "1828"]
[BlackElo "2064"]
[EventDate "2024.03.02"]

1. d4 d5 2. Nf3 Nf6 3. e3 c6 4. c4 e6 5. b3 Bd6 6. Bb2 Nbd7 7. Bd3 O-O 8. O-O Re8
9. Ne5 Nf8 10. Nd2 N6d7 11. f4 f6 12. Nef3 Qe7 13. Qe2 a6 14. Kh1 e5 15. fxe5 fxe5
16. dxe5 Nxe5 17. Nxe5 Bxe5 18. Bxe5 Qxe5 19. cxd5 cxd5 20. Qf3 Be6 21. Rae1 Ng6
22. e4 Rf8 23. Qe3 d4 24. Qg1 Rxf1 25. Rxf1 Rd8 26. Nf3 Qd6 27. Ng5 Ne5 28. Bb1 d3
29. Rd1 d2 30. Nxe6 Qxe6 31. Qe3 Qd6 32. h3 b5 33. Qg5 Qd4 34. Bc2 h6 35. Qe7 Rf8
36. Qe6+ Kh7 37. Qd5 Rd8 38. Qxd4 Rxd4 39. Kg1 Kh8 40. Kf2 Rd6 41. Ke3 Rg6 42. Rxd2
Nc6 43. g4 Kg8 44. Rd7 Nb4 45. Bb1 Rc6 46. a3 Rc3+ 47. Kd4 Rxb3 48. axb4 Rxb4+ 49.
Kc5 Rxb1 50. e5 Re1 51. Kd6 b4 52. e6 g5 53. Rd8+ Kg7 54. e7 Rd1+ 55. Kc5 Re1 56.
e8=Q Rxe8 57. Rxe8 b3 58. Re3 Kf6 59. Kd5 Kg6 60. Rxb3 h5 61. Rb6+ Kg7 62. gxh5 a5
63. Ra6 a4 64. Rxa4 Kh6 65. h4 Kxh5 66. hxg5 Kxg5 67. Ke4 1-0

[Event "2024 British Rapidplay Championship"]
[Site "Holiday Inn Peterborough - West"]
[Date "2024.03.03"]
[Round "8.41"]
[White "Ganti, Shriaansh"]
[Black "Iyengar, Ilya"]
[Result "0-1"]
[WhiteFideId "343104781"]
[BlackFideId "405949"]
[WhiteElo "1886"]
[BlackElo "1951"]
[EventDate "2024.03.02"]

1. e4 c5 2. a3 e6 3. c4 Nc6 4. Nc3 Nf6 5. Nf3 Be7 6. d4 cxd4 7. Nxd4 O-O 8. Be2 d5
9. Nxc6 bxc6 10. e5 Nd7 11. Bf4 f6 12. exf6 Bxf6 13. Bg3 Qb6 14. Qc2 Nc5 15. O-O
Nb3 16. Rad1 Nd4 17. Qd2 Nxe2+ 18. Qxe2 Bd7 19. Rc1 Rae8 20. h3 Qa6 21. Rfd1 Bc8
22. cxd5 Qxe2 23. Nxe2 exd5 24. Nd4 Bxd4 25. Rxd4 Bd7 26. Rc5 Re2 27. b4 Ra2 28.
Ra5 Ra8 29. b5 cxb5 30. Rxd5 Bc6 31. Rc5 Be8 32. Ra6 b4 33. Kh2 b3 34. Rc1 b2 35.
Rb1 Bg6 36. Rxg6 hxg6 37. Be5 Re8 38. Rxb2 Rxa3 39. Bd4 Rd8 40. Be5 Rd7 41. f3 Kf7
42. Kg3 a5 43. Rb6 a4 44. Ra6 Ra2 45. h4 Re7 46. Bd4 Ree2 47. Ra7+ Ke6 48. Bxg7 Rxg2+
49. Kf4 Kd5 50. Bf8 Kd4 51. Be7 Kd3 52. Bf8 Ke2 53. Re7+ Kf1 54. Ra7 Kg1 55. Bc5+
Kh2 56. Bd6 Kh3 57. Rg7 Rad2 58. Be5 Rdf2 59. Ra7 Rg3 60. Rxa4 Rg4+ 61. Ke3 Rxf3+
62. Kxf3 Rxa4 63. Bf6 Rxh4 64. Be7 Rh7 65. Bg5 Rf7+ 66. Ke4 Kg4 67. Bd2 Re7+ 68.
Kd3 Rd7+ 69. Ke2 Rxd2+ 70. Kxd2 Kf3 71. Ke1 Kg2 72. Ke2 g5 0-1

[Event "2024 British Rapidplay Championship"]
[Site "Holiday Inn Peterborough - West"]
[Date "2024.03.03"]
[Round "8.42"]
[White "Crawford, Owen"]
[Black "Fellowes, Billy"]
[Result "1-0"]
[WhiteFideId "343409393"]
[BlackFideId "483540"]
[WhiteElo "1917"]
[BlackElo "1959"]
[EventDate "2024.03.02"]

1. e4 Nc6 2. d4 d5 3. e5 Bf5 4. c3 f6 5. Bb5 fxe5 6. Nf3 exd4 7. Nxd4 Bd7 8. Qh5+
g6 9. Qxd5 Nf6 10. Qb3 Nxd4 11. cxd4 c6 12. Bc4 Qc7 13. Bf7+ Kd8 14. Bc4 Bg7 15.
Nc3 e6 16. Bg5 Kc8 17. a4 Nd5 18. Bxd5 exd5 19. Be3 Qb6 20. Qd1 Qa6 21. Rc1 Be6 22.
Qf3 Rf8 23. Qg3 Kd7 24. Nb5 cxb5 25. Qc7+ Ke8 26. Qxg7 Rc8 27. Rxc8+ Bxc8 28. O-O
Be6 29. Bg5 Qd6 30. axb5 Rf7 31. Qh8+ Rf8 32. Qxh7 Rf7 33. Qg8+ Qf8 34. Qxg6 Kd7
35. Bh4 Rg7 36. Qd3 Qb4 37. b3 Rf7 38. Bg3 Re7 39. Rc1 Kd8 40. Bh4 Bf7 41. Qe3 Kd7
42. Qxe7+ Qxe7 43. Bxe7 Kxe7 44. Rc7+ Ke6 45. Rxb7 Bg6 46. Rxa7 Bd3 47. b6 Kd6 48.
Rc7 Ba6 49. h4 Be2 50. Rc1 Ba6 51. h5 Bb7 52. h6 Ke6 53. h7 Ba6 54. h8=Q Bb7 55.
Qe5+ Kf7 56. Rc7+ Kf8 57. Qh8# 1-0

[Event "2024 British Rapidplay Championship"]
[Site "Holiday Inn Peterborough - West"]
[Date "2024.03.03"]
[Round "8.43"]
[White "George, Matthew P"]
[Black "Takvorian, Sebouh"]
[Result "1-0"]
[WhiteFideId "407763"]
[BlackFideId "430960"]
[WhiteElo "2003"]
[BlackElo "1735"]
[EventDate "2024.03.02"]

1. d4 Nf6 2. Nc3 c5 3. d5 e6 4. e4 exd5 5. exd5 d6 6. Nf3 g6 7. Be2 Bg7 8. O-O Bg4
9. h3 Bxf3 10. Bxf3 O-O 11. Bf4 a6 12. a4 Re8 13. Qd2 Qc7 14. Rfe1 Nbd7 15. Rxe8+
Rxe8 16. Re1 Rxe1+ 17. Qxe1 Bf8 18. g4 Kg7 19. g5 Ng8 20. Qe8 Ne5 21. Be2 Qe7 22.
Qxe7 Bxe7 23. Ne4 f5 24. Nxc5 Bxg5 25. Bxe5+ dxe5 26. Nxb7 Nf6 27. d6 Kf7 28. Bxa6
e4 29. Bc4+ Ke8 30. Bb5+ Kf7 31. d7 Nxd7 32. Bxd7 f4 1-0

[Event "2024 British Rapidplay Championship"]
[Site "Holiday Inn Peterborough - West"]
[Date "2024.03.03"]
[Round "8.44"]
[White "Kumar, Sanjit S"]
[Black "Walton, Alan J"]
[Result "0-1"]
[WhiteFideId "468142"]
[BlackFideId "409898"]
[WhiteElo "1799"]
[BlackElo "2063"]
[EventDate "2024.03.02"]

1. d4 d5 2. c4 e6 3. Nc3 Nf6 4. cxd5 exd5 5. Bg5 Be7 6. e3 c6 7. Bd3 h6 8. Bh4 Nfd7
9. Bg3 O-O 10. Qc2 Re8 11. Nxd5 cxd5 12. Bc7 Bb4+ 13. Kf1 Qe7 14. Ne2 Nc6 15. Nf4
Nf6 16. Be5 Nxe5 17. dxe5 Qxe5 18. Rg1 Ne4 19. g4 Bd7 20. h4 Rac8 21. Qe2 d4 22.
g5 hxg5 23. hxg5 dxe3 24. fxe3 Bh3+ 25. Nxh3 Ng3+ 26. Rxg3 Qxg3 27. Qh5 Qxe3 28.
Nf2 Rc1+ 29. Rxc1 Qxc1+ 30. Kg2 Qxb2 31. Qh7+ Kf8 32. g6 Bc5 33. Qh8+ Ke7 34. Qh4+
Qf6 35. Qe4+ Kf8 36. Qf3 Qxf3+ 37. Kxf3 Bxf2 38. Kxf2 fxg6 39. Bxg6 Re6 40. Bc2 Ke7
41. Bb3 Rf6+ 42. Ke3 g5 43. Ke4 Kd6 44. Ke3 g4 0-1

[Event "2024 British Rapidplay Championship"]
[Site "Holiday Inn Peterborough - West"]
[Date "2024.03.03"]
[Round "8.45"]
[White "Kennedy, Aden"]
[Black "Yu, Rock"]
[Result "0-1"]
[WhiteFideId "343401015"]
[BlackFideId "489000"]
[WhiteElo "1639"]
[BlackElo "1907"]
[EventDate "2024.03.02"]

1. e4 Nf6 2. e5 Nd5 3. c4 Nb6 4. d4 d6 5. exd6 cxd6 6. Nf3 g6 7. Nc3 Bg7 8. Be3 O-O
9. Be2 Bg4 10. O-O Nc6 11. h3 Bxf3 12. Bxf3 Nxc4 13. Qb3 Nxe3 14. fxe3 Qd7 15. Rac1
e6 16. d5 Ne5 17. dxe6 Nxf3+ 18. Rxf3 fxe6 19. Rxf8+ Rxf8 20. Rd1 Be5 21. Ne4 Qf7
22. Qd3 d5 23. Ng5 Qf2+ 24. Kh1 Qg3 25. Nf3 Rxf3 26. Qxg6+ hxg6 27. Kg1 Qh2# 0-1

[Event "2024 British Rapidplay Championship"]
[Site "Holiday Inn Peterborough - West"]
[Date "2024.03.03"]
[Round "8.46"]
[White "Bevis, Noah"]
[Black "Pang, Ethan"]
[Result "0-1"]
[WhiteFideId "343434630"]
[BlackFideId "496995"]
[WhiteElo "1454"]
[BlackElo "1887"]
[EventDate "2024.03.02"]

1. e4 c5 2. Nf3 Nc6 3. d4 cxd4 4. Nxd4 g6 5. c4 Qb6 6. Nxc6 bxc6 7. Nc3 Bg7 8. Qc2
d6 9. Be3 Qc7 10. Be2 Nf6 11. f3 Be6 12. O-O O-O 13. Qd2 Rab8 14. Rab1 Rbd8 15. Bh6
Qb6+ 16. Kh1 d5 17. cxd5 cxd5 18. exd5 Bxd5 19. Qg5 Be6 20. Bxg7 Kxg7 21. f4 Bf5
22. Rbc1 Qxb2 23. g4 Ne4 24. Qh4 Nxc3 25. Rxc3 Qxe2 26. Qh3 Be4+ 27. Kg1 Rd2 28.
Rg3 Rfd8 29. f5 Rd1 30. fxg6 Rxf1+ 31. Qxf1 Rd1 0-1

[Event "2024 British Rapidplay Championship"]
[Site "Holiday Inn Peterborough - West"]
[Date "2024.03.03"]
[Round "8.47"]
[White "Mikalajunas, Kajus"]
[Black "Liu, Jacob"]
[Result "1-0"]
[WhiteFideId "483621"]
[BlackFideId "496960"]
[WhiteElo "2042"]
[BlackElo "1573"]
[EventDate "2024.03.02"]

1. d4 d5 2. c4 c6 3. Nc3 Nf6 4. e3 e6 5. Nf3 Nbd7 6. Bd3 dxc4 7. Bxc4 b5 8. Bd3 a6
9. O-O c5 10. Qe2 Bb7 11. Rd1 Qb6 12. b3 Be7 13. Bb2 O-O 14. Rac1 Rfd8 15. Ne5 Nxe5
16. dxe5 Qc6 17. f3 Nd7 18. Be4 Qb6 19. f4 Bxe4 20. Nxe4 Nf8 21. Qh5 Rxd1+ 22. Rxd1
Rd8 23. Rf1 Qc6 24. Qf3 Qc7 25. f5 Qc8 26. f6 gxf6 27. exf6 Bd6 28. Nxd6 Qd7 29.
Qf4 e5 30. Qg5+ 1-0

[Event "2024 British Rapidplay Championship"]
[Site "Holiday Inn Peterborough - West"]
[Date "2024.03.03"]
[Round "8.48"]
[White "Mokhber-Garcia, Sebastian"]
[Black "Alizada, Eldar A"]
[Result "0-1"]
[WhiteFideId "499269"]
[BlackFideId "464104"]
[WhiteElo "1909"]
[BlackElo "1975"]
[EventDate "2024.03.02"]

1. e4 e6 2. d4 d5 3. exd5 exd5 4. Bd3 Bd6 5. Nf3 Ne7 6. c3 O-O 7. O-O Bf5 8. Bg5
f6 9. Bh4 Nbc6 10. b4 a6 11. Re1 Qd7 12. Bg3 Rfe8 13. a4 Bg6 14. Bf1 Nf5 15. Bxd6
Nxd6 16. a5 Rxe1 17. Nxe1 Re8 18. Nd3 Qf5 19. Nc5 Bh5 20. f3 Qg5 21. Qd2 Qxd2 22.
Nxd2 Bg6 23. Kf2 Nd8 24. Ra2 Ne6 25. g3 c6 26. Bh3 Nxc5 27. bxc5 Nb5 28. c4 Nxd4
29. Bf1 Bf7 30. Rb2 Re7 31. cxd5 Bxd5 32. Bc4 Nb5 33. Bxd5+ cxd5 34. Nb3 Kf7 35.
Rc2 Rc7 36. Rd2 Ke6 37. Ke2 d4 38. Kd3 Kd5 39. Re2 Rd7 40. Re4 Rc7 41. Re8 Rd7 42.
Re4 Rc7 43. Re8 Kc6 44. Nxd4+ Nxd4 45. Kxd4 Kb5 46. Rd8 Kxa5 47. Kd5 Kb5 48. Kd6
Rc6+ 49. Kd5 Rxc5 50. Kd4 Rc7 51. Rd5+ Kc6 52. Rc5+ Kd6 53. Rd5+ Ke6 54. Ra5 Rc6
55. f4 b5 56. g4 Rc4+ 57. Kd3 Ra4 58. Rxa4 bxa4 59. Kc4 Kd6 60. Kb4 Kd5 61. Kxa4
Ke4 62. Ka5 Kxf4 63. Kxa6 Kxg4 64. Kb6 Kh3 65. Kc6 Kxh2 66. Kd5 Kg3 67. Ke4 h5 68.
Kf5 h4 69. Kg6 h3 70. Kf7 h2 71. Kf8 h1=Q 72. Kf7 g5 73. Kf8 f5 74. Kg8 f4 75. Kg7
g4 76. Kg8 f3 77. Kg7 f2 78. Kg8 f1=R 79. Kg7 Kg2 80. Kg8 g3 81. Kg7 Kf3 82. Kf7
Ke4+ 83. Ke7 Ke5 84. Kd7 Qb7+ 85. Ke8 Ra1 0-1

[Event "2024 British Rapidplay Championship"]
[Site "Holiday Inn Peterborough - West"]
[Date "2024.03.03"]
[Round "8.49"]
[White "Ledger, Stephen C"]
[Black "Harvey, Alan"]
[Result "1/2-1/2"]
[WhiteFideId "404470"]
[BlackFideId "445886"]
[WhiteElo "1983"]
[BlackElo "1996"]
[EventDate "2024.03.02"]

1. d4 d6 2. Nf3 Bg4 3. Nbd2 c6 4. h3 Bh5 5. c3 Nf6 6. e4 e6 7. Bd3 Bg6 8. Qc2 d5
9. O-O dxe4 10. Nxe4 Nxe4 11. Bxe4 Bxe4 12. Qxe4 Qd5 13. Re1 Qxe4 14. Rxe4 Nd7 15.
Bf4 Be7 16. Ne5 Nxe5 17. Bxe5 O-O 18. Rae1 Rfd8 19. g4 g6 20. Kg2 Rd7 21. Bg3 b5
22. a3 a5 23. f4 Rd5 24. Re5 Bd6 25. Rxd5 cxd5 26. f5 Bxg3 27. Kxg3 Re8 28. fxe6
fxe6 29. Kf4 b4 30. axb4 axb4 31. Ke5 bxc3 32. bxc3 Rc8 33. Re3 Kf7 34. Rf3+ Ke7
35. h4 Rc7 36. Rh3 Rc8 37. h5 g5 1/2-1/2

[Event "2024 British Rapidplay Championship"]
[Site "Holiday Inn Peterborough - West"]
[Date "2024.03.03"]
[Round "8.50"]
[White "Brocklehurst, Andrew"]
[Black "Garnett, John S"]
[Result "1/2-1/2"]
[WhiteFideId "424765"]
[BlackFideId "410829"]
[WhiteElo "1896"]
[BlackElo "1950"]
[EventDate "2024.03.02"]

1. e4 d5 2. exd5 Nf6 3. Nf3 Qxd5 4. Nc3 Qd6 5. d4 c6 6. Bc4 Bg4 7. O-O e6 8. h3 Bh5
9. Re1 Be7 10. Bg5 O-O 11. Bxf6 Bxf6 12. Ne4 Qe7 13. g4 Bg6 14. g5 Qb4 15. Nxf6+
gxf6 16. Bb3 Nd7 17. c3 Qe7 18. gxf6 Qxf6 19. Ne5 Nxe5 20. Rxe5 Rad8 21. Qe2 Kh8
22. Re3 Rg8 23. Rg3 Bf5 24. Qf3 Qh4 25. Kh2 Rxg3 26. Qxg3 Qxg3+ 27. fxg3 Kg7 28.
Rf1 Be4 29. Rf2 Bd5 30. Bxd5 Rxd5 31. g4 Kg6 32. Kg3 c5 33. dxc5 Rxc5 34. h4 f5 35.
Rd2 fxg4 36. Kxg4 Rc4+ 37. Kg3 Rc7 38. Rd8 a6 39. Rg8+ Kf5 40. Rd8 e5 41. Kf3 Rc4
42. Rf8+ Ke6 43. Kg3 Rc7 44. Re8+ Kf5 45. Kf3 Rd7 46. Rf8+ Ke6 47. Ke3 Rg7 48. Re8+
Kf6 49. Rf8+ Ke6 50. Rf2 Kd5 51. b3 b5 52. Rd2+ Ke6 53. Rf2 Rg3+ 54. Rf3 Rg2 55.
Rf2 Rg3+ 56. Rf3 1/2-1/2

[Event "2024 British Rapidplay Championship"]
[Site "Holiday Inn Peterborough - West"]
[Date "2024.03.03"]
[Round "8.52"]
[White "Fraser-Mitchell, Jeremy N"]
[Black "Davies, Peter L"]
[Result "1-0"]
[WhiteFideId "405000"]
[BlackFideId "1801171"]
[WhiteElo "1984"]
[BlackElo "1876"]
[EventDate "2024.03.02"]

1. f4 d5 2. Nf3 Nf6 3. e3 e6 4. b3 Be7 5. Bb2 O-O 6. Be2 c5 7. O-O Nc6 8. Qe1 d4
9. Na3 a6 10. Nc4 b5 11. Nce5 Nxe5 12. Nxe5 Bb7 13. Bf3 Bxf3 14. Rxf3 Qb6 15. g4
Rad8 16. g5 Nh5 17. Rh3 g6 18. Rxh5 gxh5 19. Qh4 f6 20. gxf6 Bxf6 21. Qxh5 Bxe5 22.
Qxe5 Rf5 23. Qe4 Qd6 24. Kh1 Qd5 25. Rg1+ Kf7 26. Qxd5 Rfxd5 27. e4 Rh5 28. d3 Rg8
29. Rxg8 Kxg8 30. Kg2 Kf7 31. Bc1 Rh6 32. f5 Rh5 33. fxe6+ Kxe6 34. Bf4 c4 35. b4
cxd3 36. cxd3 a5 37. a3 axb4 38. axb4 Kf6 39. Kg3 Kg6 40. Kg4 h6 41. h4 1-0

[Event "2024 British Rapidplay Championship"]
[Site "Holiday Inn Peterborough - West"]
[Date "2024.03.03"]
[Round "8.53"]
[White "Baer, Bruce L"]
[Black "Pelling, Kyle"]
[Result "1-0"]
[WhiteFideId "488801"]
[BlackFideId "462942"]
[WhiteElo "1918"]
[BlackElo "1818"]
[EventDate "2024.03.02"]

1. d3 g6 2. g3 Bg7 3. Bg2 c5 4. Nf3 Nc6 5. O-O d5 6. Nbd2 Nf6 7. e4 O-O 8. Re1 e5
9. exd5 Nxd5 10. c3 Be6 11. Nc4 f6 12. a4 Rc8 13. Nh4 Re8 14. f4 exf4 15. gxf4 Qd7
16. f5 Bxf5 17. Nxf5 gxf5 18. Rxe8+ Rxe8 19. Qf3 Nb6 20. Bf4 Nxc4 21. dxc4 Ne5 22.
Qd5+ Qxd5 23. Bxd5+ Kh8 24. a5 Nd3 25. Bd6 Rd8 26. a6 b6 27. Bc7 Rd7 28. Bxb6 Bh6
29. Kf1 Rg7 30. Bd8 Bg5 31. Rd1 Rd7 32. Rxd3 Rxd8 33. b4 Bf4 34. Rf3 Bxh2 35. Rxf5
Be5 36. b5 Rd6 37. Rf3 Kg7 38. Ke2 h5 39. Rh3 Kg6 40. Rh1 Bxc3 41. Rg1+ Kf5 42. Rg7
Ba5 43. Rxa7 Bb6 44. Rb7 Ba5 45. a7 Rd8 46. Rb8 1-0

[Event "2024 British Rapidplay Championship"]
[Site "Holiday Inn Peterborough - West"]
[Date "2024.03.03"]
[Round "8.54"]
[White "Sasikumar, Srivathsan"]
[Black "Green, Michael"]
[Result "0-1"]
[WhiteFideId "343401279"]
[BlackFideId "437514"]
[WhiteElo "1766"]
[BlackElo "1894"]
[EventDate "2024.03.02"]

1. e4 g6 2. d4 Bg7 3. Nc3 c6 4. f4 d5 5. e5 h5 6. Nf3 Bg4 7. h3 Bxf3 8. Qxf3 e6 9.
Be3 h4 10. Bd3 Nh6 11. Ne2 Nd7 12. c3 Bf8 13. Qf2 Be7 14. Ng1 Kf8 15. Nf3 Kg7 16.
O-O Nf5 17. Bxf5 exf5 18. Rae1 Nf8 19. Qe2 Ne6 20. Rd1 Rh5 21. Kh2 a5 22. Rg1 a4
23. c4 Qd7 24. Nd2 Rd8 25. Nf1 Rhh8 26. b3 c5 27. cxd5 Qxd5 28. g4 Kf8 29. gxf5 gxf5
30. Rd2 cxd4 31. Bf2 Nxf4 32. Qd1 Qxe5 33. Kh1 Qe4+ 34. Kh2 Bd6 35. Rxd4 Nd5+ 36.
Ng3 hxg3+ 37. Bxg3 Bxg3+ 38. Rxg3 Qe5 39. Qd3 Rg8 40. Kg2 Nf4+ 41. Kf1 Rxd4 42. Rxg8+
Kxg8 43. Qg3+ Ng6 44. Qg5 Qf4+ 45. Qxf4 Rxf4+ 46. Ke2 axb3 47. axb3 Rb4 48. h4 Nxh4
49. Kd2 Rxb3 50. Kc2 Rg3 51. Kd2 f4 52. Ke2 b5 53. Kd2 b4 54. Kc2 Re3 55. Kb2 Nf5
56. Kc2 f3 57. Kd2 f2 58. Kc2 f1=Q 59. Kd2 Qf2+ 60. Kd1 Re1# 0-1

[Event "2024 British Rapidplay Championship"]
[Site "Holiday Inn Peterborough - West"]
[Date "2024.03.03"]
[Round "8.55"]
[White "Dicen, Elis Denele"]
[Black "Cheng, Louis"]
[Result "1-0"]
[WhiteFideId "462560"]
[BlackFideId "2410389"]
[WhiteElo "1892"]
[BlackElo "1840"]
[EventDate "2024.03.02"]

1. d4 Nf6 2. c4 g6 3. Nc3 d5 4. Nf3 Bg7 5. Bg5 Ne4 6. Bf4 Nxc3 7. bxc3 c6 8. e3 O-O
9. Be2 dxc4 10. Bxc4 Qa5 11. Rc1 c5 12. O-O Bg4 13. h3 Bxf3 14. Qxf3 Nc6 15. Bd5
Rac8 16. Rb1 Nd8 17. Bxb7 Nxb7 18. Rxb7 Qxc3 19. dxc5 Qxc5 20. Qe2 e5 21. Bg5 Rc7
22. Rb5 Qc2 23. Qxc2 Rxc2 24. Ra5 h6 25. Be7 Rb8 26. Rxa7 e4 27. a3 Rbb2 28. Bb4
Ra2 29. Re7 f5 30. g3 Rcb2 31. Rd7 Rc2 32. Rb7 Rab2 33. Ra7 g5 34. Bd6 Ra2 35. h4
gxh4 36. gxh4 Rc6 37. Rd1 Rac2 38. Bg3 Rg6 39. Kf1 Ra2 40. a4 Bf8 41. Rd8 Ra1+ 42.
Kg2 Ra3 43. Raa8 Rf6 44. Rxf8+ Rxf8 45. Rxf8+ Kg7 46. Ra8 Kg6 47. a5 f4 48. Bxf4
Kh5 49. Bg3 Rb3 50. a6 Kg4 51. a7 h5 52. Rg8+ Kf5 53. a8=Q Rb6 54. Qd5+ Kf6 55. Be5+
Kf5 56. Rg5# 1-0